[Event "Plzen KB op-C U18"]
[Site "Plzen"]
[Date "1997.??.??"]
[Round "5"]
[White "Adamek, Frantisek"]
[Black "Cvikl, Michal"]
[Result "1/2-1/2"]
[WhiteElo "2050"]
[BlackElo "1855"]
[PlyCount "56"]
[EventDate "1997.??.??"]
[EventRounds "9"]
[EventCountry "CZE"]
[Source "ChessBase"]
[SourceDate "1996.11.15"]

1. e4 c5 2. Nf3 d6 3. d4 cxd4 4. Nxd4 Nf6 5. Nc3 a6 6. Bg5 e6 7. Be2 Be7 8. O-O
O-O 9. Bf3 Nbd7 10. Qd2 Re8 11. Rad1 Qc7 12. Nb3 Rb8 13. Bf4 e5 14. Bg5 b6 15.
Ne2 h6 16. Be3 Nc5 17. Ng3 Ng4 18. Bxc5 dxc5 19. Nf5 Bxf5 20. exf5 Nxh2 21.
Kxh2 e4+ 22. g3 exf3 23. Qd5 Qb7 24. Qxb7 Rxb7 25. Rfe1 Kf8 26. Nd2 Bf6 27.
Rxe8+ Kxe8 28. c3 Rd7 1/2-1/2

[Event "Plzen KB op-C U18"]
[Site "Plzen"]
[Date "1997.??.??"]
[Round "7"]
[White "Adamek, Frantisek"]
[Black "Hajek, Jan"]
[Result "0-1"]
[WhiteElo "2050"]
[BlackElo "2050"]
[PlyCount "90"]
[EventDate "1997.??.??"]
[EventRounds "9"]
[EventCountry "CZE"]
[Source "ChessBase"]
[SourceDate "1996.11.15"]

1. Nf3 Nf6 2. c4 g6 3. Nc3 c5 4. e3 Bg7 5. d4 cxd4 6. exd4 d5 7. c5 Nc6 8. Bb5
Bg4 9. Qa4 Bxf3 10. Bxc6+ bxc6 11. Qxc6+ Nd7 12. gxf3 e6 13. Be3 O-O 14. O-O-O
Qe7 15. Kb1 Rfc8 16. Qa6 Qd8 17. Rd2 Nb8 18. Qa4 Nc6 19. f4 f5 20. a3 a5 21.
Na2 Qd7 22. Nc1 Rcb8 23. Rd3 Ra7 24. Rhd1 Rab7 25. R1d2 Qc7 26. Rc3 Rb5 27. Nd3
Qb7 28. Rcc2 Qd7 29. Ka1 Rb3 30. Rc3 R3b7 31. Ne1 Rb5 32. Nf3 Qb7 33. Rcc2 Rb3
34. Ne5 Bxe5 35. fxe5 Kg7 36. Kb1 Kf7 37. Kc1 Ke8 38. Kd1 Kd7 39. Ke1 Qa6 40.
Re2 Qd3 41. Red2 Qe4 42. Re2 Qh1+ 43. Kd2 Rxb2 44. f4 R8b3 45. Bf2 Rxc2+ 0-1

[Event "Plzen KB op-C U18"]
[Site "Plzen"]
[Date "1997.??.??"]
[Round "9"]
[White "Adamek, Frantisek"]
[Black "Jenc, Milan"]
[Result "1-0"]
[WhiteElo "2050"]
[BlackElo "1760"]
[PlyCount "39"]
[EventDate "1997.??.??"]
[EventRounds "9"]
[EventCountry "CZE"]
[Source "ChessBase"]
[SourceDate "1996.11.15"]

1. c4 Nf6 2. d4 g6 3. Nc3 Bg7 4. Nf3 O-O 5. g3 d6 6. Bg2 Nbd7 7. O-O e5 8. dxe5
Nxe5 9. Nxe5 dxe5 10. Bg5 h6 11. Qxd8 Rxd8 12. Bxf6 Bxf6 13. Nd5 Rd6 14. Nxc7
Rb8 15. Rad1 Rd4 16. b3 a6 17. e3 Rxd1 18. Rxd1 b6 19. h3 Kg7 20. Ne8+ 1-0

[Event "Plzen KB op-C U18"]
[Site "Plzen"]
[Date "1997.??.??"]
[Round "1"]
[White "Adamek, Frantisek"]
[Black "Kaspar, J."]
[Result "1-0"]
[WhiteElo "2050"]
[BlackElo "1760"]
[PlyCount "79"]
[EventDate "1997.??.??"]
[EventRounds "9"]
[EventCountry "CZE"]
[Source "ChessBase"]
[SourceDate "1996.11.15"]

1. e4 g6 2. d4 d6 3. Nf3 Bg4 4. Bc4 e6 5. c3 c6 6. h3 Bxf3 7. Qxf3 Nd7 8. O-O
Bg7 9. Nd2 Ngf6 10. Nb3 O-O 11. Re1 e5 12. Bg5 Qc7 13. Rad1 b5 14. Bf1 a5 15.
dxe5 Nxe5 16. Qf4 Nh5 17. Qd2 f6 18. Be3 f5 19. exf5 gxf5 20. Qxd6 Qf7 21. f4
Nc4 22. Qxc6 Nxe3 23. Rxe3 Qa7 24. Nd4 b4 25. Qf3 bxc3 26. bxc3 Bxd4 27. Rxd4
Ng7 28. Qd5+ Kh8 29. Kh2 Qc7 30. Qe5 Rac8 31. Qxc7 Rxc7 32. Bb5 h6 33. a4 Rf6
34. c4 Re6 35. Rd8+ Kh7 36. Rxe6 Nxe6 37. Rd7+ Kg6 38. Rd6 Kf7 39. Kg3 Ke7 40.
Ra6 1-0

[Event "Plzen KB op-C U18"]
[Site "Plzen"]
[Date "1997.??.??"]
[Round "3"]
[White "Adamek, Frantisek"]
[Black "Kovarik, Josef"]
[Result "1-0"]
[WhiteElo "2050"]
[BlackElo "1710"]
[PlyCount "109"]
[EventDate "1997.??.??"]
[EventRounds "9"]
[EventCountry "CZE"]
[Source "ChessBase"]
[SourceDate "1996.11.15"]

1. e4 d6 2. d4 Nf6 3. Nc3 g6 4. Be2 Bg7 5. Be3 Nc6 6. Qd2 Ng4 7. Bxg4 Bxg4 8.
f3 Bd7 9. O-O-O e5 10. d5 Ne7 11. Bh6 O-O 12. h4 f5 13. h5 f4 14. hxg6 Nxg6 15.
Bxg7 Kxg7 16. g4 Rh8 17. Rh5 Qe7 18. Qh2 Rag8 19. Nge2 Kf8 20. Rh1 Rg7 21. Ng1
Ke8 22. Qf2 a6 23. Qa7 Bc8 24. a4 Nf8 25. b4 Nd7 26. Nge2 Kd8 27. a5 Rg6 28.
Na4 Nf6 29. R5h2 Qd7 30. Nec3 h5 31. gxh5 Rgh6 32. Qg1 Nxh5 33. Nb2 R6h7 34.
Qg6 Rg7 35. Rxh5 Rhg8 36. Qf6+ Qe7 37. Qxe7+ Kxe7 38. Ne2 Rg2 39. Rh7+ Kd8 40.
Kd2 Bd7 41. c4 Rf2 42. Rh8 Re8 43. Nd3 Rxf3 44. Nc3 Rg3 45. Rxe8+ Bxe8 46. Rh2
c6 47. c5 cxd5 48. exd5 f3 49. Rf2 Bg6 50. cxd6 Rg2 51. Nd1 e4 52. Nf4 Rg4 53.
Nxg6 Rxg6 54. Ke3 Rg4 55. Nc3 1-0

[Event "Plzen KB op-C U18"]
[Site "Plzen"]
[Date "1997.??.??"]
[Round "6"]
[White "Baumruk, Josef"]
[Black "Jenc, Milan"]
[Result "0-1"]
[WhiteElo "1875"]
[BlackElo "1760"]
[PlyCount "86"]
[EventDate "1997.??.??"]
[EventRounds "9"]
[EventCountry "CZE"]
[Source "ChessBase"]
[SourceDate "1996.11.15"]

1. c4 Nf6 2. Nc3 g6 3. g3 Bg7 4. Bg2 O-O 5. d3 c6 6. e4 d6 7. Qb3 Nbd7 8. Nge2
Rb8 9. O-O Nc5 10. Qc2 b5 11. cxb5 cxb5 12. d4 Ncd7 13. d5 b4 14. Na4 Qa5 15.
Nd4 Bb7 16. Bh3 Ne5 17. b3 Nxd5 18. Nb2 Nf6 19. f3 e6 20. Bd2 Rfc8 21. Qd1 Ba6
22. Rf2 Nfd7 23. a3 Qb6 24. Bxb4 Ng4 25. Rd2 Ne3 26. Na4 Qxd4 27. Rxd4 Nxd1 28.
Raxd1 Bxd4+ 29. Rxd4 Rc1+ 30. Kf2 Rc2+ 31. Bd2 Nc5 32. Nxc5 dxc5 33. Rd6 Rxb3
34. a4 Rd3 35. Rxd3 Bxd3 36. Ke3 c4 37. f4 Kg7 38. e5 h6 39. Bg2 g5 40. Bc6 Bg6
41. Be8 Bf5 42. h4 c3 43. Be1 Rc1 0-1

[Event "Plzen KB op-C U18"]
[Site "Plzen"]
[Date "1997.??.??"]
[Round "8"]
[White "Baumruk, Josef"]
[Black "Kaspar, J."]
[Result "1-0"]
[WhiteElo "1875"]
[BlackElo "1760"]
[PlyCount "102"]
[EventDate "1997.??.??"]
[EventRounds "9"]
[EventCountry "CZE"]
[Source "ChessBase"]
[SourceDate "1996.11.15"]

1. c4 Nf6 2. Nc3 g6 3. g3 c6 4. Bg2 Bg7 5. e4 d6 6. d3 O-O 7. Nge2 e5 8. O-O
Nbd7 9. b4 a5 10. b5 c5 11. f4 h6 12. Rb1 Nb6 13. fxe5 dxe5 14. Nd5 Nbxd5 15.
exd5 Qd6 16. Nc3 Bf5 17. h3 h5 18. Kh2 Rae8 19. Ne4 Bxe4 20. dxe4 b6 21. Qe2
Kh7 22. Rb3 Ng8 23. g4 f5 24. gxh5 f4 25. hxg6+ Qxg6 26. Rg1 Rf6 27. Bf3 Qh6
28. Bg4 Ne7 29. Qf3 Kh8 30. Bh5 Rd8 31. Bb2 Ng6 32. Qg4 Rdd6 33. Rf3 Kh7 34.
Bxg6+ Rxg6 35. Qf5 Rdf6 36. Rxg6 Qxg6 37. Qxg6+ Rxg6 38. Bc3 Kg8 39. Rf2 Rg3
40. Bxa5 Re3 41. Bxb6 Rxe4 42. d6 Kf7 43. d7 Bf6 44. d8=Q Bxd8 45. Bxd8 Rxc4
46. Rb2 Ke8 47. Bc7 Kd7 48. Bxe5 Re4 49. b6 f3 50. b7 Re2+ 51. Rxe2 fxe2 1-0

[Event "Plzen KB op-C U18"]
[Site "Plzen"]
[Date "1997.??.??"]
[Round "2"]
[White "Baumruk, Josef"]
[Black "Kubikova, Hana"]
[Result "0-1"]
[WhiteElo "1875"]
[BlackElo "2195"]
[PlyCount "130"]
[EventDate "1997.??.??"]
[EventRounds "9"]
[EventCountry "CZE"]
[Source "ChessBase"]
[SourceDate "1996.11.15"]

1. e4 c5 2. Nf3 Nc6 3. d4 cxd4 4. Nxd4 Nf6 5. Nc3 e6 6. Bg5 Qb6 7. Ndb5 a6 8.
Be3 Qa5 9. Nd4 Nxe4 10. Nxc6 bxc6 11. Qd3 d5 12. a3 Rb8 13. f3 Nxc3 14. Bd2
Rxb2 15. Bxc3 Bb4 16. axb4 Qxa1+ 17. Kd2 Qa2 18. Bxg7 Rg8 19. Bxb2 Qxb2 20. Qc3
Qxc3+ 21. Kxc3 Kd7 22. g3 h6 23. Bd3 Bb7 24. Ra1 Kd6 25. f4 f6 26. Ra5 Ra8 27.
Kd2 e5 28. Ke3 d4+ 29. Kf2 Rb8 30. Bf5 Re8 31. Bd3 Ra8 32. Ke1 Rb8 33. Bf5 Re8
34. Kf2 Kc7 35. Bd3 Kb6 36. Be2 Re7 37. Bd3 Bc8 38. Kf3 Bb7 39. Kf2 e4 40. Bc4
Bc8 41. Rh5 Rh7 42. Ra5 Rc7 43. Rh5 Rh7 44. Ra5 Rc7 45. Rh5 c5 46. Rxh6 cxb4
47. Rxf6+ Ka5 48. Bb3 Rc3 49. Rf8 Bh3 50. Rh8 Bg4 51. Rg8 Bf3 52. Rg5+ Kb6 53.
Rg6+ Kb5 54. Rg5+ Kb6 55. Rg6+ Kc7 56. Rg7+ Kd6 57. Ba4 Bd1 58. Rg6+ Ke7 59.
Rxa6 Bxc2 60. h4 Bxa4 61. Rxa4 Rc2+ 62. Ke1 b3 63. Rxd4 b2 64. Rxe4+ Kf6 65.
Rb4 Kf5 0-1

[Event "Plzen KB op-C U18"]
[Site "Plzen"]
[Date "1997.??.??"]
[Round "4"]
[White "Baumruk, Josef"]
[Black "Szarowski, Daniel"]
[Result "1-0"]
[WhiteElo "1875"]
[BlackElo "1905"]
[PlyCount "83"]
[EventDate "1997.??.??"]
[EventRounds "9"]
[EventCountry "CZE"]
[Source "ChessBase"]
[SourceDate "1996.11.15"]

1. c4 e5 2. Nc3 Nf6 3. d3 d5 4. cxd5 Nxd5 5. Bd2 Be6 6. Nf3 Nc6 7. g3 Qd7 8.
Bg2 O-O-O 9. Ng5 Nf6 10. Nxe6 Qxe6 11. O-O Bc5 12. Na4 Bb6 13. Rc1 Nd4 14. e3
Nb5 15. Nxb6+ Qxb6 16. a4 Nd6 17. a5 Qb5 18. Qc2 Nde8 19. d4 exd4 20. exd4 Kb8
21. Rfe1 a6 22. Re5 Qd7 23. Qb3 Nd6 24. Rec5 Rc8 25. Bf4 Nfe8 26. Rc6 Ka7 27.
Be3 Rb8 28. Rxc7 Nxc7 29. Qb6+ Ka8 30. Rxc7 Qb5 31. Qxd6 Qxa5 32. h4 Rhc8 33.
Bxb7+ Rxb7 34. Rxb7 Qe1+ 35. Kg2 Kxb7 36. Qd7+ Kb6 37. Qxc8 Qb1 38. Kh2 Qg6 39.
Qb8+ Kc6 40. Qc8+ Kd5 41. Qc5+ Ke6 42. d5+ 1-0

[Event "Plzen KB op-C U18"]
[Site "Plzen"]
[Date "1997.??.??"]
[Round "1"]
[White "Chlouba, J."]
[Black "Baumruk, Josef"]
[Result "0-1"]
[WhiteElo "1750"]
[BlackElo "1875"]
[PlyCount "80"]
[EventDate "1997.??.??"]
[EventRounds "9"]
[EventCountry "CZE"]
[Source "ChessBase"]
[SourceDate "1996.11.15"]

1. e4 e6 2. d4 d5 3. Nc3 Nf6 4. Bd3 c5 5. Nf3 cxd4 6. Nxd4 Bb4 7. Bb5+ Bd7 8.
Bd2 Bxc3 9. Bxc3 Nxe4 10. Qf3 O-O 11. O-O Qb6 12. a4 Rc8 13. a5 Qc5 14. Bxd7
Nxd7 15. Ra3 Ne5 16. Qh3 Nc4 17. Rb3 Nxc3 18. Qxc3 Nxa5 19. Qxc5 Rxc5 20. Rd3
b6 21. b4 Rc4 22. bxa5 bxa5 23. Rb1 Rb8 24. Rd2 g6 25. g3 a4 26. Rb7 Ra8 27.
Nb5 Rb4 28. c3 Rb1+ 29. Kg2 Ra1 30. Nxa7 a3 31. Nb5 a2 32. Ra7 Rxa7 33. Nxa7
Rg1+ 34. Kxg1 a1=Q+ 35. Kg2 Qxa7 36. h4 Qa3 37. Rd3 h5 38. Kh3 Kg7 39. f3 Qc1
40. Rd4 Qh1# 0-1

[Event "Plzen KB op-C U18"]
[Site "Plzen"]
[Date "1997.??.??"]
[Round "9"]
[White "Chlouba, J."]
[Black "Sladek, Jaroslav"]
[Result "0-1"]
[WhiteElo "1750"]
[BlackElo "1910"]
[PlyCount "78"]
[EventDate "1997.??.??"]
[EventRounds "9"]
[EventCountry "CZE"]
[Source "ChessBase"]
[SourceDate "1996.11.15"]

1. e4 d5 2. d4 dxe4 3. f3 Nf6 4. Nc3 exf3 5. Nxf3 Bg4 6. Be2 e6 7. Ne5 Bxe2 8.
Nxe2 c5 9. c3 cxd4 10. Qxd4 Nbd7 11. Qa4 Be7 12. Be3 Bd6 13. Nc4 Qe7 14. O-O-O
Bc5 15. Bxc5 Qxc5 16. Nd6+ Ke7 17. Nxb7 Qe3+ 18. Kb1 Qe4+ 19. Qxe4 Nxe4 20.
Rhe1 Rab8 21. Nd4 Nxc3+ 22. bxc3 Rxb7+ 23. Kc2 Nb6 24. Nc6+ Kf6 25. Rf1+ Kg5
26. Rd4 f5 27. Rff4 Nd5 28. h4+ Kf6 29. Rf3 Rc8 30. Na5 Rbc7 31. c4 Nb6 32. Kd3
Rc5 33. g4 Rxa5 34. g5+ Ke7 35. Re3 Ra3+ 36. Ke2 Rxe3+ 37. Kxe3 Rxc4 38. Rd3
Rxh4 39. Kf3 Rh3+ 0-1

[Event "Plzen KB op-C U18"]
[Site "Plzen"]
[Date "1997.??.??"]
[Round "8"]
[White "Cvikl, Michal"]
[Black "Hajek, Jan"]
[Result "1/2-1/2"]
[WhiteElo "1855"]
[BlackElo "2060"]
[PlyCount "28"]
[EventDate "1997.??.??"]
[EventRounds "9"]
[EventCountry "CZE"]
[Source "ChessBase"]
[SourceDate "1996.11.15"]

1. Nf3 Nf6 2. b3 g6 3. Bb2 Bg7 4. e3 c5 5. d3 O-O 6. Nbd2 b6 7. Be2 Bb7 8. O-O
d5 9. Ne5 Nc6 10. f4 e6 11. Ndf3 Qc7 12. Qc1 Ne7 13. g4 Ne8 14. g5 Nf5 1/2-1/2

[Event "Plzen KB op-C U18"]
[Site "Plzen"]
[Date "1997.??.??"]
[Round "6"]
[White "Cvikl, Michal"]
[Black "Szarowski, Daniel"]
[Result "1-0"]
[WhiteElo "1855"]
[BlackElo "1905"]
[PlyCount "31"]
[EventDate "1997.??.??"]
[EventRounds "9"]
[EventCountry "CZE"]
[Source "ChessBase"]
[SourceDate "1996.11.15"]

1. e4 e5 2. Nf3 Nc6 3. Bc4 Nf6 4. O-O Bc5 5. d4 Bxd4 6. Nxd4 exd4 7. e5 Ne4 8.
Qg4 d5 9. Qxg7 Ke7 10. Bxd5 Qxd5 11. Qxh8 Nxe5 12. f3 Bh3 13. Qg7 Nf6 14. Bg5
Ned7 15. gxh3 Rg8 16. Qxg8 1-0

[Event "Plzen KB op-C U18"]
[Site "Plzen"]
[Date "1997.??.??"]
[Round "4"]
[White "Cvikl, Michal"]
[Black "Tenk, Petr"]
[Result "1-0"]
[WhiteElo "1855"]
[BlackElo "1885"]
[PlyCount "71"]
[EventDate "1997.??.??"]
[EventRounds "9"]
[EventCountry "CZE"]
[Source "ChessBase"]
[SourceDate "1996.11.15"]

1. e4 e6 2. d3 d5 3. Nd2 c5 4. g3 Nc6 5. Bg2 Nf6 6. Ngf3 dxe4 7. dxe4 Be7 8.
O-O O-O 9. c3 Qc7 10. Qc2 b5 11. Re1 Rd8 12. Nf1 e5 13. Ne3 g6 14. Ng5 b4 15.
Nd5 Qd6 16. Nxe7+ Qxe7 17. f4 c4 18. Be3 Ng4 19. Bf2 Nxf2 20. Qxf2 Bg4 21. Bf1
h6 22. Nf3 Bxf3 23. Qxf3 Qc5+ 24. Qe3 Qxe3+ 25. Rxe3 Rd2 26. Rb1 Rb8 27. Bxc4
bxc3 28. Rxc3 Rbxb2 29. Rxb2 Rxb2 30. Ra3 a5 31. Bd5 Nd4 32. fxe5 g5 33. Rd3
Ne2+ 34. Kf1 Nc1 35. Rf3 Nxa2 36. Rxf7 1-0

[Event "Plzen KB op-C U18"]
[Site "Plzen"]
[Date "1997.??.??"]
[Round "3"]
[White "Hajek, Jan"]
[Black "Kaspar, J."]
[Result "1/2-1/2"]
[WhiteElo "2060"]
[BlackElo "1760"]
[PlyCount "119"]
[EventDate "1997.??.??"]
[EventRounds "9"]
[EventCountry "CZE"]
[Source "ChessBase"]
[SourceDate "1996.11.15"]

1. e4 c6 2. d4 g6 3. Be3 Bg7 4. Nf3 d6 5. a4 Nf6 6. h3 O-O 7. Nc3 b6 8. Bc4 Ba6
9. Qe2 Bxc4 10. Qxc4 d5 11. exd5 cxd5 12. Qe2 e6 13. O-O Nc6 14. Bg5 Qc8 15.
Nb5 Ne8 16. c3 a6 17. Na3 Bf6 18. Nc2 Bxg5 19. Nxg5 h6 20. Nf3 Nd6 21. Rfe1 Ne7
22. Ne5 Nc4 23. Nb4 Nxe5 24. Qxe5 Kh7 25. Nd3 Qd8 26. Qf4 Nc6 27. Re3 Qb8 28.
Qf3 Qc7 29. g4 Rae8 30. Rae1 Nd8 31. Nf4 Qd7 32. b3 Qc8 33. Nxd5 f5 34. Nxb6
Qc7 35. Nc4 fxg4 36. Qxg4 Rf5 37. Re5 Rf6 38. d5 Ref8 39. dxe6 Qe7 40. R1e2 Rf4
41. Qg3 Rf3 42. Qg2 Rxc3 43. Ne3 Rc1+ 44. Kh2 Nxe6 45. Nc4 Qc7 46. Qd5 Ng7 47.
Kg2 Rc3 48. Re7 Qf4 49. R7e3 Rxe3 50. Nxe3 h5 51. Nc4 Rf5 52. Qe4 Rg5+ 53. Kh1
Qc1+ 54. Re1 Qc3 55. Qe3 Qf6 56. Ne5 Rf5 57. Re2 Qd6 58. f4 Qc7 59. Rg2 Rf6 60.
Kh2 1/2-1/2

[Event "Plzen KB op-C U18"]
[Site "Plzen"]
[Date "1997.??.??"]
[Round "6"]
[White "Hajek, Jan"]
[Black "Markov, Jurij"]
[Result "0-1"]
[WhiteElo "2050"]
[BlackElo "2415"]
[PlyCount "54"]
[EventDate "1997.??.??"]
[EventRounds "9"]
[EventCountry "CZE"]
[Source "ChessBase"]
[SourceDate "1996.11.15"]

1. e4 c5 2. Nf3 Nc6 3. Bb5 e6 4. Nc3 Nge7 5. O-O Ng6 6. Bxc6 bxc6 7. e5 Be7 8.
b3 O-O 9. Bb2 f6 10. Qe2 Qc7 11. Na4 fxe5 12. Nxe5 Nf4 13. Qg4 d6 14. Nc4 e5
15. Qd1 Rf6 16. g3 Nh3+ 17. Kg2 Ng5 18. f4 Bh3+ 19. Kg1 Bxf1 20. Qxf1 exf4 21.
Bxf6 Bxf6 22. Re1 fxg3 23. h4 Rf8 24. Kg2 Bd4 25. hxg5 Rxf1 26. Rxf1 Qe7 27.
Nc3 Bxc3 0-1

[Event "Plzen KB op-C U18"]
[Site "Plzen"]
[Date "1997.??.??"]
[Round "5"]
[White "Hajek, Jan"]
[Black "Vlk, Miroslav"]
[Result "1-0"]
[WhiteElo "2050"]
[BlackElo "1925"]
[PlyCount "43"]
[EventDate "1997.??.??"]
[EventRounds "9"]
[EventCountry "CZE"]
[Source "ChessBase"]
[SourceDate "1996.11.15"]

1. e4 e5 2. Nf3 Nf6 3. Nc3 Bb4 4. Nxe5 Qe7 5. Nf3 Nxe4 6. Nxe4 Qxe4+ 7. Be2 O-O
8. O-O d5 9. d4 Bg4 10. h3 Bh5 11. Be3 Bd6 12. Qd2 Qe7 13. Rfe1 Nd7 14. Bd3 Bb4
15. c3 Bxf3 16. Bg5 Qd6 17. gxf3 Ba5 18. Be7 Qc6 19. b4 Bb6 20. b5 Qh6 21. Qxh6
gxh6 22. Bxf8 1-0

[Event "Plzen KB op-C U18"]
[Site "Plzen"]
[Date "1997.??.??"]
[Round "5"]
[White "Hercik, Josef"]
[Black "Micka, Vladislav"]
[Result "0-1"]
[WhiteElo "1890"]
[BlackElo "1630"]
[PlyCount "60"]
[EventDate "1997.??.??"]
[EventRounds "9"]
[EventCountry "CZE"]
[Source "ChessBase"]
[SourceDate "1996.11.15"]

1. e4 e6 2. d4 d5 3. Nd2 Nf6 4. e5 Nfd7 5. c3 c5 6. f4 cxd4 7. cxd4 Bb4 8. a3
Ba5 9. Ngf3 Nc6 10. b4 Bb6 11. Nb3 O-O 12. Bd3 f6 13. Ra2 a5 14. b5 a4 15. bxc6
axb3 16. cxd7 bxa2 17. dxc8=Q Qxc8 18. Bb2 fxe5 19. fxe5 Ba5+ 20. Ke2 b5 21.
Qb3 Qe8 22. Bxb5 Rb8 23. a4 Qg6 24. Kf2 Qb1 25. Qa3 Qxh1 26. Bf1 Qxh2 27. Qxa2
Rxf3+ 28. Kxf3 Rf8+ 29. Ke2 Qh5+ 30. Ke3 Qg5+ 0-1

[Event "Plzen KB op-C U18"]
[Site "Plzen"]
[Date "1997.??.??"]
[Round "2"]
[White "Hercik, Josef"]
[Black "Rybak, Milan"]
[Result "0-1"]
[WhiteElo "1890"]
[BlackElo "2280"]
[PlyCount "64"]
[EventDate "1997.??.??"]
[EventRounds "9"]
[EventCountry "CZE"]
[Source "ChessBase"]
[SourceDate "1996.11.15"]

1. e4 e5 2. Nf3 Nc6 3. Bb5 f5 4. Qe2 fxe4 5. Bxc6 dxc6 6. Qxe4 Bd6 7. d3 Nf6 8.
Qh4 O-O 9. Qc4+ Kh8 10. Bg5 Qe8 11. Bxf6 Rxf6 12. Nbd2 Be6 13. Qc3 a5 14. O-O
Qh5 15. Rae1 Rg6 16. Re4 Bh3 17. Nh4 Rxg2+ 18. Kh1 Rg4 19. Rxg4 Qxg4 20. Qc4
Qxc4 21. dxc4 Bxf1 22. Nxf1 Rf8 23. Kg2 Bc5 24. Ne3 Bxe3 25. fxe3 Rd8 26. Nf3
e4 27. Nd4 c5 28. Nb3 b6 29. a4 Rd1 30. Kg3 Rb1 31. Nd2 Rxb2 32. Nxe4 Rxc2 0-1

[Event "Plzen KB op-C U18"]
[Site "Plzen"]
[Date "1997.??.??"]
[Round "3"]
[White "Jenc, Milan"]
[Black "Hercik, Josef"]
[Result "1/2-1/2"]
[WhiteElo "1760"]
[BlackElo "1905"]
[PlyCount "90"]
[EventDate "1997.??.??"]
[EventRounds "9"]
[EventCountry "CZE"]
[Source "ChessBase"]
[SourceDate "1996.11.15"]

1. e4 c5 2. Nf3 d6 3. d4 cxd4 4. Nxd4 Nf6 5. Nc3 a6 6. f4 Nc6 7. Be3 Qc7 8. h3
e5 9. Nf3 Be7 10. Qd2 exf4 11. Bxf4 Be6 12. O-O-O Rd8 13. Nd5 Bxd5 14. exd5 Ne5
15. Be2 Ne4 16. Qe3 f5 17. g4 Rc8 18. Nd4 Nf6 19. Qb3 fxg4 20. Bxe5 dxe5 21.
Ne6 Qd6 22. Nxg7+ Kf7 23. Nf5 Qb4 24. d6+ Qxb3 25. axb3 Bd8 26. hxg4 Ne4 27.
Rhf1 Bg5+ 28. Kb1 Nd2+ 29. Rxd2 Bxd2 30. Ne7+ Ke6 31. Nxc8 Rxc8 32. Rd1 Ba5 33.
Bf3 Rb8 34. Be4 h6 35. Bf5+ Kf6 36. d7 Bc7 37. d8=Q+ Rxd8 38. Rxd8 Bxd8 39. Bc8
Kg5 40. Bxb7 Kxg4 41. Bxa6 Kf3 42. Kc1 Ke3 43. Kd1 h5 44. Ke1 Bh4+ 45. Kf1 Bf6
1/2-1/2

[Event "Plzen KB op-C U18"]
[Site "Plzen"]
[Date "1997.??.??"]
[Round "8"]
[White "Jenc, Milan"]
[Black "Kubikova, Hana"]
[Result "1/2-1/2"]
[WhiteElo "1760"]
[BlackElo "2195"]
[PlyCount "122"]
[EventDate "1997.??.??"]
[EventRounds "9"]
[EventCountry "CZE"]
[Source "ChessBase"]
[SourceDate "1996.11.15"]

1. e4 c5 2. Nf3 Nc6 3. d4 cxd4 4. Nxd4 Nf6 5. Nc3 e6 6. Bg5 Bb4 7. Nxc6 bxc6 8.
a3 Bxc3+ 9. bxc3 Qa5 10. Bxf6 gxf6 11. Qd4 Qe5 12. Rb1 Rg8 13. g3 Rg5 14. f4
Qxd4 15. cxd4 Ra5 16. Rb3 e5 17. c3 exd4 18. cxd4 Ra4 19. e5 Rxd4 20. exf6 Rd6
21. Kf2 Rxf6 22. Bd3 h6 23. Rhb1 Kd8 24. Kf3 d5 25. Rc1 Kc7 26. g4 Rb8 27. Rxb8
Kxb8 28. h4 Rd6 29. g5 h5 30. f5 Kc7 31. Kf4 Rd8 32. g6 f6 33. Be2 Re8 34. g7
Re4+ 35. Kg3 Re8 36. Rg1 Bxf5 37. Kf4 Bh7 38. Bxh5 Re4+ 39. Kg3 Bg8 40. Bf3 Ra4
41. Re1 Kd8 42. Bh5 Re4 43. Rxe4 dxe4 44. Bg6 Ke7 45. h5 f5 46. h6 Kf6 47. h7
Bxh7 48. Bxh7 Kxg7 49. Bxf5 e3 50. Kf3 Kf6 51. Bd3 Ke5 52. Kxe3 Kd5 53. Ba6 Kc5
54. Kd3 Kb6 55. Bc4 Kc5 56. Kc3 Kb6 57. a4 Ka5 58. Bb3 a6 59. Kc4 c5 60. Bd1
Kb6 61. Bh5 Ka5 1/2-1/2

[Event "Plzen KB op-C U18"]
[Site "Plzen"]
[Date "1997.??.??"]
[Round "5"]
[White "Jenc, Milan"]
[Black "Sladek, Jaroslav"]
[Result "1-0"]
[WhiteElo "1760"]
[BlackElo "1910"]
[PlyCount "53"]
[EventDate "1997.??.??"]
[EventRounds "9"]
[EventCountry "CZE"]
[Source "ChessBase"]
[SourceDate "1996.11.15"]

1. e4 e5 2. Nf3 d6 3. d4 Nd7 4. Bc4 c6 5. dxe5 dxe5 6. Ng5 Nh6 7. O-O Qe7 8.
Nc3 Nb6 9. Bb3 f6 10. Nf3 g5 11. Qe2 Be6 12. Rd1 Nf7 13. Be3 Bg7 14. Rd2 Bxb3
15. axb3 O-O 16. h4 g4 17. Nh2 h5 18. g3 Bh6 19. f3 Bxe3+ 20. Qxe3 Qe6 21. fxg4
hxg4 22. Rf2 Kh7 23. Rf5 Rg8 24. Raf1 Rg6 25. h5 Rg7 26. Rxf6 Qe7 27. h6 1-0

[Event "Plzen KB op-C U18"]
[Site "Plzen"]
[Date "1997.??.??"]
[Round "1"]
[White "Jenc, Milan"]
[Black "Vit, Jiri"]
[Result "0-1"]
[WhiteElo "1760"]
[BlackElo "2050"]
[PlyCount "122"]
[EventDate "1997.??.??"]
[EventRounds "9"]
[EventCountry "CZE"]
[Source "ChessBase"]
[SourceDate "1996.11.15"]

1. e4 c5 2. Nf3 e6 3. d4 cxd4 4. Nxd4 Nf6 5. Nc3 Bb4 6. Bd3 e5 7. Nf3 O-O 8.
O-O d6 9. Bg5 Bxc3 10. bxc3 Be6 11. Qd2 Nbd7 12. Rfd1 Qc7 13. a4 Rac8 14. Qe3
a6 15. Ra3 h6 16. Bh4 Qc5 17. Qc1 Qa5 18. Qb2 Rc7 19. Qb4 Qc5 20. Rb1 g5 21.
Bg3 Nh5 22. Qxc5 Nxc5 23. Nd2 Nxg3 24. hxg3 Rfc8 25. Rc1 Nd7 26. Rb1 Nc5 27.
Re1 Nd7 28. Rb1 Kg7 29. f3 Nc5 30. Re1 Nd7 31. Rb1 Rxc3 32. Rxc3 Rxc3 33. Rxb7
Nc5 34. Rc7 Nxe4 35. Rxc3 Nxc3 36. Bxa6 Nxa4 37. Nc4 Bxc4 38. Bxc4 Nb6 39. Bb3
d5 40. Kf2 Kf6 41. Ke3 Ke6 42. Kd3 Kd6 43. Ke3 f6 44. g4 Kc5 45. c3 Nc4+ 46.
Kd3 Nd6 47. Bd1 f5 48. gxf5 Nxf5 49. Be2 Ng3 50. Bd1 h5 51. Bb3 h4 52. Ke3 Nh5
53. Ke2 Nf4+ 54. Kf2 Nd3+ 55. Ke3 Nf4 56. Kf2 Nh5 57. Ke3 d4+ 58. cxd4+ exd4+
59. Ke4 Nf4 60. Kf5 Nxg2 61. Kxg5 h3 0-1

[Event "Plzen KB op-C U18"]
[Site "Plzen"]
[Date "1997.??.??"]
[Round "2"]
[White "Kalista, Karel"]
[Black "Adamek, Frantisek"]
[Result "1/2-1/2"]
[WhiteElo "1815"]
[BlackElo "2050"]
[PlyCount "96"]
[EventDate "1997.??.??"]
[EventRounds "9"]
[EventCountry "CZE"]
[Source "ChessBase"]
[SourceDate "1996.11.15"]

1. Nf3 c5 2. c4 Nc6 3. Nc3 g6 4. e3 Bg7 5. d4 b6 6. Be2 Nf6 7. d5 Nb8 8. e4 d6
9. h3 O-O 10. O-O Na6 11. Bf4 Nd7 12. Qd2 Nc7 13. Rad1 Ne8 14. Rfe1 Ne5 15.
Nxe5 dxe5 16. Bg3 a6 17. Bf1 Qd6 18. Qe3 Bd7 19. a4 Rd8 20. Kh1 Nc7 21. f4 Bc8
22. fxe5 Bxe5 23. Kh2 f5 24. exf5 Bxg3+ 25. Qxg3 Bxf5 26. Bd3 e6 27. Bxf5 exf5
28. Qxd6 Rxd6 29. Re7 Rf7 30. Rde1 Kf8 31. R7e5 Kg7 32. h4 h5 33. Ne2 b5 34.
axb5 axb5 35. b3 bxc4 36. bxc4 Na8 37. Nf4 Nb6 38. Rc1 Ra7 39. Re6 Rxe6 40.
Nxe6+ Kf6 41. Nxc5 Rc7 42. Re1 Nxc4 43. Re6+ Kf7 44. Nd3 Rd7 45. Ne5+ Nxe5 46.
Rxe5 Kf6 47. Re6+ Kf7 48. Re5 Kf6 1/2-1/2

[Event "Plzen KB op-C U18"]
[Site "Plzen"]
[Date "1997.??.??"]
[Round "4"]
[White "Kalista, Karel"]
[Black "Kubikova, Hana"]
[Result "1-0"]
[WhiteElo "1815"]
[BlackElo "2195"]
[PlyCount "67"]
[EventDate "1997.??.??"]
[EventRounds "9"]
[EventCountry "CZE"]
[Source "ChessBase"]
[SourceDate "1996.11.15"]

1. Nf3 Nf6 2. c4 g6 3. b4 Bg7 4. Bb2 d6 5. d3 O-O 6. g3 e5 7. Nc3 h6 8. Bg2 c6
9. O-O Be6 10. b5 Nh5 11. Nd2 f5 12. Qa4 Qd7 13. Rab1 g5 14. Ba1 f4 15. bxc6
bxc6 16. Qb4 fxg3 17. fxg3 a5 18. Rxf8+ Bxf8 19. Qb7 Qxb7 20. Rxb7 Nf6 21. Na4
Nfd7 22. Nb6 Nxb6 23. Rxb6 d5 24. Kh1 Bc5 25. Rb7 Na6 26. Bxe5 Bb4 27. cxd5
cxd5 28. Rg7+ Kf8 29. Rh7 Bg8 30. Rh8 Ke7 31. Nb3 a4 32. Nd4 Rc8 33. Bh3 Rc1+
34. Kg2 1-0